000 00476nmm a2200169Ia 4500
008 251105s9999||||xx |||||||||||||||||und||
020 _a9788499456041
041 _aspa
100 _aPikaza Ibarrondo, Xabier
245 0 _aHistoria de Jesús
264 _a[Madrid, España] :
_bEditorial Verbo Divino,
_c2013
300 _a676 páginas
490 _aEstudios bíblicos
650 _aReligion(s)
856 _uhttps://public.digitaliapublishing.com/a/51069
942 _cCF
999 _c92867
_d92867